Kul'tura i istorija slavjanskij mir

Podrobná bibliografia
Ďalší autori: Svirida, I.I (upr)
Médium: Kniha
Jazyk:ruština
Fyzický popis:271 s. 20 cm
Vydavateľské údaje: Moskva Indrik 1997
ISBN:5857590507
Predmet:

MARC

LEADER 00000nam a2200000 a 4500
001 vtls001368216
003 SK-MaSNL
005 20260301010930.0
008 251124s1997 RU r 0 rus
020 |a 5857590507  |c [135,00] 
035 |a SNK000321916 
040 |a SNK  |b slo  |c SNK  |e AACR2 
044 |a RU 
080 |a 367(091)(082)  |2 1981 
245 1 |a Kul'tura i istorija  |b slavjanskij mir  |c [otvetstvennyj redaktor I.I. Svirida] 
260 |a Moskva  |b Indrik  |c 1997 
300 |a 271 s.  |c 20 cm 
650 0 7 |a Slovania  |x dejiny  |x zborníky  |2 SNK  |9 293532 
700 1 |a Svirida, I.I.  |4 upr  |9 293533 
919 |a 5-85759-050-7 
999 |c 549486  |d 551416 
952 |t P60, <04>, [BOOK], {604}  |a SNK  |b SNK  |y VYP  |7 0  |p 17A0208296  |o snkID 96517  |i snkV 1254/99  |0 0  |1 0  |4 0  |d 1999-09-09  |l 0  |r 2005-01-02 00:00:00  |w 2026-02-23